|
|
|
|
| LEADER |
00000nab a2200000 ar4500 |
| 001 |
vtls009003812 |
| 003 |
SK-MaSNL |
| 005 |
20260319071301.0 |
| 008 |
070516c20070512xo |||||||| 000 b|hun |
| 015 |
|
|
|a SNBRB2007/05
|2 snkbucl
|
| 038 |
|
|
|a SNKBUCL
|
| 040 |
|
|
|a DSZK
|b slo
|c DSZK
|e AACR2
|
| 041 |
0 |
|
|a hun
|
| 044 |
|
|
|a xo
|c SK
|
| 080 |
|
|
|a 75.071.1
|2 1997
|
| 080 |
|
|
|a 76.071.1
|2 1997
|
| 100 |
1 |
|
|a Lukács, Zsolt,
|d 1972-
|4 aut
|9 536197
|
| 245 |
1 |
0 |
|a Alkímia, gasztronómia, pornó
|b a tudat mélyrétegeiből érkező irracionális hangulatok, álmok ...
|c Lukács Zsolt
|
| 300 |
|
|
|b Fotogr.
|
| 600 |
1 |
7 |
|a Lukács, Zsolt,
|d 1972-
|x tvorba
|2 snkbucl
|9 1065885
|
| 773 |
0 |
|
|t Új szó
|g Évf. 60, sz. 108 (12.5.2007), o. 14
|
| 773 |
0 |
8 |
|i Mell.:
|t Szalon
|g Évf. 1, sz. 18 (2007)
|
| 852 |
|
|
|a SNK
|b KIS3GCP
|
| 852 |
|
|
|a DSZK
|b KIS3GCP
|
| 958 |
|
|
|a HU
|
| 958 |
|
|
|a SK
|
| 999 |
|
|
|c 1751869
|d 1753799
|